| 000 | 00896nam a22002295i 4500 | ||
|---|---|---|---|
| 001 | 53699 | ||
| 003 | ES-MaACL | ||
| 005 | 20250718184448.0 | ||
| 007 | t| | ||
| 008 | 960708s1894 sp ||||1| spa d | ||
| 100 | 1 |
_aFernández Duro, Cesáreo, _d1830-1908 _949752 |
|
| 245 | 1 | 3 |
_aLa ciencia del siglo XIX / _cdefinida por Mr. Henri Harrisse ; y admirada por Cesáreo Fernández Duro. |
| 260 |
_aMadrid : _b[s.n.], _c1894 ( _fTip. de los Hijos de M.G. Hernández) |
||
| 300 |
_a17 p. ; _c24 cm. |
||
| 530 | _aDisponible en formato digital. | ||
| 594 | _aTít. tomado de cub. | ||
| 650 |
_aCiencia- _yS.XIX. _910961 |
||
| 700 | 1 |
_aHarrisse, Henry. _961946 |
|
| 852 |
_aES-MaACL _jT-812-F-6 _z- Enc. en un vol. facticio, conservando la enc. original |
||
| 856 |
_uhttp://bdh-rd.bne.es/viewer.vm?id=0000090025&page=1 _zBiblioteca Digital Hispánica |
||
| 999 |
_c53699 _d53699 |
||